| 000 | 00985nas a2200325 4500 | ||
|---|---|---|---|
| 001 | BR2018000975 | ||
| 003 | BR-BrBNA | ||
| 005 | 20231205131325.0 | ||
| 007 | ta | ||
| 008 | 230509b bl.|||p| |||| 00| 00por d | ||
| 040 |
_aBR-BrBNA _bpor _cBiblioteca Nacional de Agricultura |
||
| 041 | _a(En) | ||
| 072 | _aP33 | ||
| 100 | 1 | _aCosta, A.G. | |
| 100 | 1 | _aAlves, S.M.C. | |
| 100 | 1 | _aBatista, R.O. | |
| 100 | 1 | _aMendes, H.C. | |
| 100 | 1 | _aSouza, D.I.M. de | |
| 245 | 1 | _aChemical characteristics of irrigated ultisol with dairy effluent dilutions | |
| 650 | _aANÁLISE DO SOLO | ||
| 650 | _aQUÍMICA | ||
| 650 | _aCONDUTIVIDADE ELÉTRICA | ||
| 650 | _aRESÍDUO | ||
| 650 | _aÁGUA | ||
| 650 | _aLATICÍNIO | ||
| 773 | 0 |
_tFloresta e Ambiente (Brazil) _xISSN 2179-8087 _g(2018), v. 25(3) p. 1-9 _wBR2018000975 |
|
| 856 | 4 | 0 | _uhttp://www.scielo.br/pdf/floram/v25n3/2179-8087-floram-25-3-e20170551.pdf |
| 909 |
_a202311 _bLúcia _c55 _dLúcia Elande |
||
| 942 |
_2AGRIS _n0 _cANA |
||
| 999 |
_c254186 _d254186 |
||